Als wär's die Arche

Titel: Als wär's die Arche : der Bildhauer Heinz Theuerjahr ; [aus Anlass der gleichnamigen Ausstellung: Greifswald, Pommersches Landesmuseum: 22. Juni - 24. August 2003 ... Stolp, Mittelpommersches Museum: 25. Oktober - 30. November 2003] = Jak wewna̜trz arki / [Hrsg. Stiftung Pommersches Landesmuseum, Greifswald ; Mit einem Beitrag von Reiner Kunze. Bearbeitet von Volker Probst. [Gestaltung Britta Matthies. Übersetzung von Jakub Ekier]
Beteiligt: ; ; ;
Körperschaft:
Veröffentlicht: Greifswald : Stiftung Pommersches Landesmuseum, 2003
Umfang: 118 Seiten : Illustrationen
Format: Buch
Sprache: Deutsch; Polnisch
Schriftenreihe/
mehrbändiges Werk:
Publikation der Stiftung Pommersches Landesmuseum
RVK-Notation:
Schlagworte:
ISBN: 3980629430
Buchumschlag
X
alg: 11339966
001A    $06000:29-08-03 
001B    $01999:17-10-25 $t15:05:15.000 
001D    $06000:29-08-03 
001U    $0utf8 
001X    $00 
002@    $0Aaxaf 
002C    $aText $btxt $2rdacontent 
002C    $aunbewegtes Bild $bsti $2rdacontent 
002D    $aohne Hilfsmittel zu benutzen $bn $2rdamedia 
002E    $aBand $bnc $2rdacarrier 
003@    $0113399669 
004A    $03-9806294-3-0 $fkart. 
004K    $09783980629430 
006G    $0967337267 
006T    $003,N19,0997 
006U    $003,B37,0393 
007A    $0967337267 $aDNB 
007T    $0Herd66025 
010@    $ager $apol 
011@    $a2003 $n2003 
013D    $RKatalog $#Exhibition catalogs $#Expositions $#Cataloghi di esposizioni $#Ausstellungskatalog $74135467-9 $8Ausstellungskatalog [Tsz] $9085499846 $y2003 $zGreifswald 
017A    $asf 
021A    $aAls wär's die Arche $dder Bildhauer Heinz Theuerjahr ; [aus Anlass der gleichnamigen Ausstellung: Greifswald, Pommersches Landesmuseum: 22. Juni - 24. August 2003 ... Stolp, Mittelpommersches Museum: 25. Oktober - 30. November 2003] $fJak wewna̜trz arki $h[Hrsg. Stiftung Pommersches Landesmuseum, Greifswald ; Mit einem Beitrag von Reiner Kunze. Bearbeitet von Volker Probst. [Gestaltung Britta Matthies. Übersetzung von Jakub Ekier] 
028C    $RWeinhold, Ingeborg $#Kunze, Reiner $#Kunce, Rajner $#Kuntse, Rainā $#Kunze, Rainer $#K'unch'e, Rainŏ $#Kunzeovi, Reiner $#Кунце, Райнер $#Кунце, Райнер $#Кунце, Райнер $#راينر كونزي $#쿤체, 라이너 $7118568124 $8Kunze, Reiner$Z1933- [Tp1] $9086909150 
028C    $#Probst, Volker G. $7121037061 $8Probst, Volker$Z1953- [Tp3] $9152508449 
028C    $BKünstler $4art $711898862X $8Theuerjahr, Heinz$Z1913-1991 [Tp1] $9087328909 
028C    $BHerausgeber $4edt $7115450580 $8Matthies, Britta$Z1949- [Tp1] $9103181490 
029F    $#Fundacja Pommersches Landesmuseum $72174630-8 $8Stiftung Pommersches Landesmuseum [Tb1] $9061263133 
029F    $#Pommersches Landesmuseum Greifswald $#Landesmuseum Greifswald $#Pomeranian State Museum $#Muzeum Pomorza $72182006-5 $8Pommersches Landesmuseum$gGreifswald [Tb1] $9091055857 
033A    $pGreifswald $nStiftung Pommersches Landesmuseum 
034D    $a118 Seiten 
034M    $aIllustrationen 
036G    $aPublikation der Stiftung Pommersches Landesmuseum 
041A/80 $i13.2p $i13.2 $i13.4p $i13.4 
041A/90 $hXA-DE 
044K    $qDNB $711898862X $8Theuerjahr, Heinz$Z1913-1991 [Tp1] $9087328909 
044K    $qDNB $RPlastik $RSchnitzerei $RHolzschnitzerei $#Wood sculpture $#Sculpture sur bois $#Sculture in legno $#Escultura en madera $#Bildschnitzerei $#Holzbildhauerei $#Holzskulptur $#Holzschnitzkunst Plastik $#Holz Plastik $#Holzplastiken $74072608-3 $8Holzplastik [Ts1] $9085204366 
044K    $qDNB $RBildliche Darstellung $RKünstlerbuch $#Graphic arts $#Arts graphiques $#Grafica $#Diseño gráfico $#Grafik $#Graphik $74021845-4 $8Grafik [Ts1] $908505335X 
045E    $a46 
045F    $a929.0943816 $eDDC23BSB 
045F/01 $a929 
045F/03 $g43816 
045R    $aGeschichte 2003 
045Z    $8LI 99999 [Tkv] $9409939021 
046L    $aText deutsch und polnisch 

lok: 11339966 78

exp: 11339966 78 1 #EPN
201B/01 $019-02-18 $t23:21:47.000 
201U/01 $0utf8 
203@/01 $0791840875 
208@/01 $a12-11-16 $be 
209A/01 $a/ $f000 $x00 
220C/01 $aTitelaufnehmer: nk;pg 
220C/01 $aAnmerkung: NG; AV/FL 20.06.05 
237A/01 $aGleichnamige Ausstellung: Greifswald, 22.06.-24.08.2003, Stettin, 03.09.-30.11.2003 und Stolp, 25.10.-30.11.2003 
244Z/01 $2Trx $#Pomeranija $#Pommern $#Pomoransko $#Pomořansko $#Hinterpommern;Vorpommern;Mittelpommern $#Pomorze Środkowe;Pomorze Przednie $#Pomořansko;Západní Pomořany; Pomořany $8--Trx--Pomorze Zachodnie $x01 $9391303775 
244Z/01 $#Stolp $71051060-6 $8--Tg1--Słupsk $x02 $9042181631 
244Z/01 $2Trx $8--Trx--Theuerjahr, Heinz$Z1913-1991 $x03 $9390703702 
244Z/01 $2Trx $#kujurid $#skulptoriai $#sculptors $#szobrász $#rzeźbiarze $#sochári $#sochaři $8--Trx--Bildhauer $x04 $9391358618 
244Z/01 $2Trx $#näitused, isikute $#parodos, personalinės $#exhibitions, persons $#személyi kiállitások $#wystawy, osoby $#výstavy, osoby $#výstavy, osoby $8--Trx--Ausstellungen$gPersonen $x05 $9391356054 
244Z/01 $2Trx $#dzieło zbiorowe $8--Trx--Sammelwerk $x06 $9391384597 
245Z/01 $a12.03 $x01 
247C/01 $82080>Marburg/Lahn, Herder-Institut, Forschungsbibliothek, Bibliographieportal $9336309341
LEADER 00000cam a22000002c 4500
001 113399669
003 DE-603
005 20251017150515.0
007 tu
008 030829s2003 xx |||| | u00||u|ger
015 |a 03,B37,0393  |z 03,N19,0997  |2 dnb 
016 7 |2 DE-101  |a 967337267 
020 |a 3980629430  |c kart. 
024 3 |a 9783980629430 
035 |a (DE-599)DNB967337267 
040 |a DE-603  |b ger  |c DE-603  |d DE-603 
041 |a ger  |a pol 
043 |c XA-DE 
082 0 4 |8 1\u  |a 929.0943816  |q DE-101  |2 23/BSB 
084 |a 46  |q DE-101  |2 sdnb 
084 |a LI 99999  |0 (DE-625)97471:  |0 (DE-603)409939021  |2 rvk 
084 |a 13.2p  |a 13.2  |a 13.4p  |a 13.4  |q DE-101  |2 sdnb 
085 |8 1\u  |b 929 
085 |8 1\u  |z 2  |s 43816 
090 |a b 
245 0 0 |a Als wär's die Arche  |b der Bildhauer Heinz Theuerjahr ; [aus Anlass der gleichnamigen Ausstellung: Greifswald, Pommersches Landesmuseum: 22. Juni - 24. August 2003 ... Stolp, Mittelpommersches Museum: 25. Oktober - 30. November 2003] = Jak wewna̜trz arki  |c [Hrsg. Stiftung Pommersches Landesmuseum, Greifswald ; Mit einem Beitrag von Reiner Kunze. Bearbeitet von Volker Probst. [Gestaltung Britta Matthies. Übersetzung von Jakub Ekier] 
264 1 |a Greifswald  |b Stiftung Pommersches Landesmuseum  |c 2003 
300 |a 118 Seiten  |b Illustrationen 
336 |a Text  |b txt  |2 rdacontent 
336 |a unbewegtes Bild  |b sti  |2 rdacontent 
337 |a ohne Hilfsmittel zu benutzen  |b n  |2 rdamedia 
338 |a Band  |b nc  |2 rdacarrier 
490 0 |a Publikation der Stiftung Pommersches Landesmuseum 
546 |a Text deutsch und polnisch 
600 1 7 |a Theuerjahr, Heinz  |d 1913-1991  |0 (DE-588)11898862X  |0 (DE-603)087328909  |2 gnd 
648 7 |a Geschichte 2003  |2 gnd 
650 7 |a Holzplastik  |0 (DE-588)4072608-3  |0 (DE-603)085204366  |2 gnd 
650 7 |a Grafik  |0 (DE-588)4021845-4  |0 (DE-603)08505335X  |2 gnd 
655 7 |a Ausstellungskatalog  |y 2003  |z Greifswald  |2 gnd-content  |0 (DE-588)4135467-9  |0 (DE-603)085499846 
700 1 |a Kunze, Reiner  |d 1933-  |0 (DE-603)086909150  |0 (DE-588)118568124  |2 gnd 
700 1 |a Probst, Volker  |d 1953-  |0 (DE-603)152508449  |0 (DE-588)121037061  |2 gnd 
700 1 |a Theuerjahr, Heinz  |d 1913-1991  |e Künstler  |4 art  |0 (DE-603)087328909  |0 (DE-588)11898862X  |2 gnd 
700 1 |a Matthies, Britta  |d 1949-  |e Herausgeber  |4 edt  |0 (DE-603)103181490  |0 (DE-588)115450580  |2 gnd 
710 2 |a Stiftung Pommersches Landesmuseum  |0 (DE-603)061263133  |0 (DE-588)2174630-8  |2 gnd 
710 2 |a Pommersches Landesmuseum  |g Greifswald  |0 (DE-603)091055857  |0 (DE-588)2182006-5  |2 gnd 
924 0 |9 2080  |a (DE-603)791840875  |b DE-2080  |c HES  |d d  |g /